Land vs. Land #69 - Statistiken

Allgemein
  • Dieses Quiz wurde 24 mal gespielt
  • Das Durchschnittsergebnis liegt bei 11 aus 14
Antwortstatistiken
Frage Antwort % Korrekt
...Frieden? Antigua🇦🇬
100%
...Fläche? Russland🇷🇺
100%
...Einwohner? Russland🇷🇺
100%
...Bruttoinlandsprodukt? Russland🇷🇺
100%
...Militär? Russland🇷🇺
100%
...Exportmengen? Russland🇷🇺
100%
...Gewinner? Russland🇷🇺
100%
...durchschnittlicher IQ? Russland🇷🇺
91%
...Tourismus? Russland🇷🇺
77%
...Happy Planet Index? Antigua🇦🇬
73%
...Lebenserwartung? Antigua🇦🇬
45%
...Bruttoinlandsprodukt pro Kopf? Antigua🇦🇬
27%
...HDI (Human Development Index)? Antigua🇦🇬
27%
...Gesundheitswesen? Antigua🇦🇬
14%
Keine übereinstimmenden Quizze gefunden
Verteilung der Resultate
Anzahl Personen mit jedem Resultat
Perzentil nach korrekt beantworteten Fragen
Ihre Resultats-Entwicklung
Sie haben dieses Quiz noch nicht gespielt